<?xml version="1.0" encoding="UTF-8"?>
<record
    xmlns:xsi="http://www.w3.org/2001/XMLSchema-instance"
    xsi:schemaLocation="http://www.loc.gov/MARC21/slim http://www.loc.gov/standards/marcxml/schema/MARC21slim.xsd"
    xmlns="http://www.loc.gov/MARC21/slim">

  <leader>01635nam a2200277 u 4500</leader>
  <controlfield tag="001">1554171</controlfield>
  <controlfield tag="005">20260508094349.0</controlfield>
  <controlfield tag="008">210127s1995                        eng  </controlfield>
  <datafield tag="020" ind1=" " ind2=" ">
    <subfield code="a">9780817638580</subfield>
  </datafield>
  <datafield tag="035" ind1=" " ind2=" ">
    <subfield code="a">1554171</subfield>
  </datafield>
  <datafield tag="040" ind1=" " ind2=" ">
    <subfield code="c">comduadb</subfield>
  </datafield>
  <datafield tag="041" ind1=" " ind2=" ">
    <subfield code="a">eng</subfield>
  </datafield>
  <datafield tag="100" ind1="1" ind2="0">
    <subfield code="a">Rade, Lennart</subfield>
    <subfield code="4">aut</subfield>
    <subfield code="e">aut</subfield>
    <subfield code="9">815445</subfield>
  </datafield>
  <datafield tag="245" ind1="1" ind2="0">
    <subfield code="a">Mathematics handbook for science and engineering</subfield>
  </datafield>
  <datafield tag="260" ind1=" " ind2=" ">
    <subfield code="a">Cambridge, MA :</subfield>
    <subfield code="b">Birkh&#xE4;user,</subfield>
    <subfield code="c">1995.</subfield>
  </datafield>
  <datafield tag="300" ind1=" " ind2=" ">
    <subfield code="a">539 p&#xE1;ginas</subfield>
  </datafield>
  <datafield tag="505" ind1=" " ind2=" ">
    <subfield code="a">CONTENIDO : Fundamentos.Matem&#xE1;ticas discretas. -- &#xC1;lgebra. -- Geometr&#xED;a y trigonometr&#xED;a. -- &#xC1;lgebra lineal. -- Las funciones elementales. -- C&#xE1;lculo diferencial (una variable). -- C&#xE1;lculo integral. -- Secuencias y series. -- Ecuaciones diferenciales ordinarias (ODE). -- C&#xE1;lculo multidimensional. -- An&#xE1;lisis de vectores. -- Serie ortogonal y funciones especiales. -- Transformas. -- An&#xE1;lisis complejo. -- Optimizaci&#xF3;n. -- An&#xE1;lisis num&#xE9;rico. -- Teor&#xED;a de probabilidad. -- Estad&#xED;sticas. -- Miscel&#xE1;nea. .</subfield>
  </datafield>
  <datafield tag="520" ind1="3" ind2=" ">
    <subfield code="a">RESUMEN : "Este libro, es un manual completo para cient&#xED;ficos, ingenieros y estudiantes avanzados, presenta, de forma l&#xFA;cida y accesible, &#xE1;reas cl&#xE1;sicas de las matem&#xE1;ticas como &#xE1;lgebra, geometr&#xED;a y an&#xE1;lisis, y tambi&#xE9;n &#xE1;reas de inter&#xE9;s actual. El manual incluye gr&#xE1;ficos, figuras e ilustraciones."</subfield>
  </datafield>
  <datafield tag="650" ind1=" " ind2="7">
    <subfield code="a">Matem&#xE1;ticas para ingenieros</subfield>
    <subfield code="2">lemb</subfield>
    <subfield code="9">42531</subfield>
  </datafield>
  <datafield tag="650" ind1=" " ind2="7">
    <subfield code="a">Matem&#xE1;ticas discretas</subfield>
    <subfield code="2">embne</subfield>
    <subfield code="9">114257</subfield>
  </datafield>
  <datafield tag="650" ind1=" " ind2="7">
    <subfield code="a">An&#xE1;lisis num&#xE9;rico</subfield>
    <subfield code="2">lemb</subfield>
    <subfield code="9">32679</subfield>
  </datafield>
  <datafield tag="650" ind1=" " ind2="7">
    <subfield code="a">&#xC1;lgebra lineal</subfield>
    <subfield code="2">embne</subfield>
    <subfield code="9">119307</subfield>
  </datafield>
  <datafield tag="650" ind1=" " ind2="7">
    <subfield code="a">Estad&#xED;stica</subfield>
    <subfield code="2">dcs</subfield>
    <subfield code="9">1736</subfield>
  </datafield>
  <datafield tag="700" ind1="1" ind2="0">
    <subfield code="a">Westergren, Bertil</subfield>
    <subfield code="4">aut</subfield>
    <subfield code="e">aut</subfield>
    <subfield code="9">820559</subfield>
  </datafield>
  <datafield tag="942" ind1=" " ind2=" ">
    <subfield code="c">BOOK</subfield>
  </datafield>
  <datafield tag="999" ind1=" " ind2=" ">
    <subfield code="c">830780</subfield>
    <subfield code="d">830780</subfield>
  </datafield>
  <datafield tag="952" ind1=" " ind2=" ">
    <subfield code="0">0</subfield>
    <subfield code="1">0</subfield>
    <subfield code="4">0</subfield>
    <subfield code="7">0</subfield>
    <subfield code="8">GEN</subfield>
    <subfield code="a">BC</subfield>
    <subfield code="b">BC</subfield>
    <subfield code="d">2021-01-27</subfield>
    <subfield code="e">Otros proveedores</subfield>
    <subfield code="g">92000.00</subfield>
    <subfield code="i">C13310433</subfield>
    <subfield code="l">1</subfield>
    <subfield code="o">510.212 R126</subfield>
    <subfield code="p">61000003529928</subfield>
    <subfield code="r">2025-11-11 14:14:00</subfield>
    <subfield code="s">2025-09-03</subfield>
    <subfield code="t">1</subfield>
    <subfield code="w">2023-05-05</subfield>
    <subfield code="y">BOOK</subfield>
  </datafield>
</record>
